Southville International School and Colleges
Your cart is empty.
  • Cart
  • Lists
    Public lists Eva Luna New books Lux_list list_1
    Your lists Log in to create your own lists
  • Log in to your account
  • Your cookies
  • Search history
Southville International School and Colleges
  • Advanced search
  • Recent comments
  • Most popular
  • Libraries

Log in to your account

Log in with GOOGLE


If you do not have an external account, but do have a local account, you can still log in:

  1. Home
  2. MARC view: Human Genetics :
Normal view MARC view ISBD view

Human Genetics : (Record no. 14076)

[ view plain ]
MARC details
000 -LEADER
fixed length control field 00560nam a22001937a 4500
003 - CONTROL NUMBER IDENTIFIER
control field OSt
005 - DATE AND TIME OF LATEST TRANSACTION
control field 20140310182526.0
008 - FIXED-LENGTH DATA ELEMENTS--GENERAL INFORMATION
fixed length control field 130812t xxu||||| |||| 00| 0 eng d
020 ## - INTERNATIONAL STANDARD BOOK NUMBER
International Standard Book Number 9780071220040
050 ## - LIBRARY OF CONGRESS CALL NUMBER
Classification number QH 431
Item number .L673 2008
100 ## - MAIN ENTRY--PERSONAL NAME
Personal name Lewis, Ricki.
9 (RLIN) 9525
245 ## - TITLE STATEMENT
Title Human Genetics :
Remainder of title concepts and applications /
Statement of responsibility, etc Ricki Lewis.
250 ## - EDITION STATEMENT
Edition statement 9th ed.
260 ## - PUBLICATION, DISTRIBUTION, ETC. (IMPRINT)
Place of publication, distribution, etc New York:
Name of publisher, distributor, etc McGraw-Hill Companies, Inc.,
Date of publication, distribution, etc c2010.
300 ## - PHYSICAL DESCRIPTION
Extent xxiv, 446 p. :
Other physical details ill. col. ;
Dimensions 28 cm.
650 ## - SUBJECT ADDED ENTRY--TOPICAL TERM
Topical term or geographic name as entry element Human Genetics.
9 (RLIN) 9526
942 ## - ADDED ENTRY ELEMENTS (KOHA)
Source of classification or shelving scheme Library of Congress Classification
Koha item type
Holdings
Withdrawn status Lost status Source of classification or shelving scheme Damaged status Home library Current library Shelving location Date acquired Total Checkouts Total Renewals Full call number Barcode Date last seen Date checked out Copy number Price effective from Koha item type
    Library of Congress Classification   South SEED-LPDH College Library South SEED-LPDH College Library South SEED-LPDH College Section 08/12/2013 1 25 QH 431 .L673 2008 SSLC0177 05/15/2018 06/22/2015 1 08/12/2013 Books

Human Genetics :

APA

Lewis R., . (2010). Human Genetics. New York: McGraw-Hill Companies, Inc.

Chicago

Lewis Ricki, . 2010. Human Genetics. New York: McGraw-Hill Companies, Inc.

Harvard

Lewis R., . (2010). Human Genetics. New York: McGraw-Hill Companies, Inc.

MLA

Lewis Ricki, . Human Genetics. New York: McGraw-Hill Companies, Inc. 2010.

  • Place hold
  • Print
  • Cite
  • Add to your cart (remove)
  • Save record
    BIBTEX Dublin Core MARCXML MARC (non-Unicode/MARC-8) MARC (Unicode/UTF-8) MARC (Unicode/UTF-8, Standard) MODS (XML) RIS
  • More searches
    Search for this title in:
    Other Libraries (WorldCat) Other Databases (Google Scholar) Online Stores (Bookfinder.com) Open Library (openlibrary.org)

Exporting to Dublin Core...

SOUTHVILLE LIBRARY

Southville International School and Colleges Library

1281 Tropical Ave. Cor. Luxembourg St., BF Homes International, Las Pinas City

Tel. No. 8256374 / 252358 Loc. 117/146

Powered by Koha